Laura Lemay's guide to sizzling Web site design (Record no. 6162)
[ view plain ]
| 000 -LEADER | |
|---|---|
| fixed length control field | 00680 a2200217 4500 |
| 020 ## - INTERNATIONAL STANDARD BOOK NUMBER | |
| International Standard Book Number | 1575212218 |
| 040 ## - CATALOGING SOURCE | |
| Original cataloging agency | DLC |
| Language of cataloging | DLC |
| 082 00 - DEWEY DECIMAL CLASSIFICATION NUMBER | |
| Classification number | 741.6 |
| 100 1# - MAIN ENTRY--PERSONAL NAME | |
| Personal name | Holzschlag, Molly E. |
| 245 10 - TITLE STATEMENT | |
| Title | Laura Lemay's guide to sizzling Web site design |
| Statement of responsibility, etc. | Molly E. Holzschlag. |
| 246 30 - VARYING FORM OF TITLE | |
| Title proper/short title | Guide to sizzling Web site design |
| 246 30 - VARYING FORM OF TITLE | |
| Title proper/short title | Sizzling Web site design |
| 250 ## - EDITION STATEMENT | |
| Edition statement | 1st ed. |
| 260 ## - PUBLICATION, DISTRIBUTION, ETC. | |
| Place of publication, distribution, etc. | Indianapolis, Ind. : |
| Name of publisher, distributor, etc. | Sams.net, |
| Date of publication, distribution, etc. | c1997. |
| 300 ## - PHYSICAL DESCRIPTION | |
| Extent | xiv, 218 p. : |
| Other physical details | ill. ; |
| Dimensions | 26 cm. + |
| Accompanying material | 1 computer laser optical disc (4 3/4 in.) |
| 500 ## - GENERAL NOTE | |
| General note | Includes index. |
| 650 #0 - SUBJECT ADDED ENTRY--TOPICAL TERM | |
| Topical term or geographic name entry element | Web sites |
| General subdivision | Design. |
| 650 #0 - SUBJECT ADDED ENTRY--TOPICAL TERM | |
| Topical term or geographic name entry element | Web publishing. |
| 700 1# - ADDED ENTRY--PERSONAL NAME | |
| Personal name | Lemay, Laura. |
| 942 ## - ADDED ENTRY ELEMENTS (KOHA) | |
| Koha item type | Book |
| Call number prefix | 005.3762 HOL |
| Source of classification or shelving scheme | |
| Withdrawn status | Lost status | Damaged status | Not for loan | Collection code | Permanent Location | Current Location | Shelving location | Date acquired | Total Checkouts | Full call number | Barcode | Date last seen | Price effective from | Koha item type |
|---|---|---|---|---|---|---|---|---|---|---|---|---|---|---|
| Central Library (CL) | Central Library (CL) | First Floor - Software Engineering/ Programming Language | 06/09/2001 | 005.3762 HOL | SEECS000880 | 11/14/2012 | 01/05/2017 | Book |
